| 000 | 00710 a2200253 4500 | ||
|---|---|---|---|
| 001 | 114255 | ||
| 020 | _a0395492122 | ||
| 020 | _a0395901251 | ||
| 041 | _apor | ||
| 082 | _aAP Toddler 782 | ||
| 092 | _a88023269 | ||
| 300 | _a[32] p. | ||
| 697 | _aToy and movable books - Specimens. | ||
| 697 | _aToy and movable books. | ||
| 697 | _aFolk songs - United States. | ||
| 697 | _aFolk songs, English - United States - Texts. | ||
| 856 | _u000025/00002518.jpg | ||
| 040 |
_aBR-BrIDEA _cBR-BrIDEA |
||
| 090 |
_aAP Toddler 782 _bOLD |
||
| 245 | 1 | 0 |
_aOld MacDonald had a farm _cillustrated by Carol Jones |
| 260 |
_a[s.l.] _bHoughton Mifflin _c1989 |
||
| 700 |
_aCarol Jones _eIllustrated |
||
| 942 | _cBK | ||
| 999 |
_c114255 _d114255 |
||